000 01002pam a2200325 a 4500
001 2519
003 FISKH
005 20240429130325.0
008 960207s1996 nyu j 000 1 eng
010 _a 96003494
020 _a0590897977
020 _a9780590897983
040 _aDLC
_cDLC
_dDLC
_beng
042 _alcac
050 0 0 _aPZ7.H4364
_bMu 1996
082 0 0 _a[Fic]
_220
100 1 _aHesse, Karen.
245 1 4 _aThe music of dolphins /
_cKaren Hesse.
250 _aPublished in 2005
260 _aNew York :
_bScholastic,
_c1996.
300 _a181 pages ;
_c20 cm .
_billustrations :
505 _aN
520 _aAfter rescuing an adolescent girl from the sea, researchers learn she has been raised by dolphins and attempt to rehabilitate her to the human world.
521 8 _a560
_bLexile
521 8 _aN
_bRaz-Plus
650 1 _aFeral children
_xFiction.
650 1 _aDiaries
_xFiction.
906 _a7
_bcbc
_corignew
_d1
_eocip
_f19
_gy-gencatlg
942 _2ddc
_cBK
_n0
999 _c2519
_d2519